000 00753nam a22002417a 4500
003 UA-OsUOA
001 50804
007 ta
008 20140626b un ||||| |||| 00| 0 ukr d
100 _aМаруняк М.Г.
090 _a82-94
_bМ29
942 _cBR
040 _aUA-OsUOA
_bukr
_cUA-OsUOA
_dUA-OsUOA
245 _aЗа гратами і дротами націонал-соціялістичної Німеччини
300 _a44 с.
955 _a1
041 _aukr
080 _a82-94
260 _aВінніпег
_c1985
650 7 _a82 Література. Літературознавство
_2UDC
999 _c430936
_d430936